[Event "AUS-ch U18 Girls"]
[Site "Wahroonga"]
[Date "2014.01.17"]
[Round "7"]
[White "Gu, Shirley"]
[Black "Mason, Joanne"]
[Result "1-0"]
[WhiteElo "1671"]
[BlackElo "1446"]
[PlyCount "93"]
[EventDate "2014.01.11"]
[EventType "swiss"]
[EventRounds "9"]
[EventCountry "AUS"]
[SourceTitle "EXT 2020"]
[Source "ChessBase"]
[SourceDate "2019.10.17"]
[SourceVersion "1"]
[SourceVersionDate "2019.10.17"]
[SourceQuality "1"]

1. d4 d5 2. c4 c6 3. Nc3 Nf6 4. Nf3 dxc4 5. e4 b5 6. e5 Nd5 7. a4 e6 8. axb5 Nxc3 9. bxc3 cxb5 10. Ng5 Be7 11. Nxf7 Qd5 12. Nxh8 a5 13. Qh5+ g6 14. Qxh7 b4 15. Qxg6+ Kd7 16. Be2 Bb7 17. Bf3 Qb5 18. Bxb7 Qxb7 19. 0-0 Nc6 20. Qg7 Re8 21. Nf7 Kc8 22. Nd6+ Bxd6 23. Qxb7+ Kxb7 24. exd6 e5 25. dxe5 Nxe5 26. Rxa5 Kb6 27. cxb4 Kc6 28. Bf4 Nd3 29. Be3 Kxd6 30. Rd1 Kc6 31. Ra6+ Kb5 32. Rb6+ Ka4 33. Rc6 Kxb4 34. h4 Rh8 35. g3 Ne5 36. Bd4 Nf3+ 37. Kg2 Nxd4 38. Rxd4 Kb3 39. Rdxc4 Rg8 40. h5 Rh8 41. h6 Rh7 42. g4 Rh8 43. g5 Rh7 44. Rc7 Rxh6 45. gxh6 Kb2 46. Rb4+ Ka2 47. Ra7# 1-0

[Event "AUS-ch U14 Girls"]
[Site "Mooroolbark"]
[Date "2011.01.22"]
[Round "7"]
[White "Mason, Joanne"]
[Black "Middleton, Jody"]
[Result "1-0"]
[WhiteElo "966"]
[BlackElo "283"]
[PlyCount "95"]
[EventDate "2011.01.19"]
[EventType "swiss"]
[EventRounds "9"]
[EventCountry "AUS"]
[SourceTitle "EXT 2013"]
[Source "ChessBase"]
[SourceDate "2012.11.22"]
[SourceVersion "1"]
[SourceVersionDate "2012.11.22"]
[SourceQuality "1"]

1. e4 e5 2. Nf3 Nc6 3. d4 exd4 4. Bc4 Nf6 5. 0-0 Nxe4 6. Re1 d5 7. Bxd5 Qxd5 8. Nc3 Qh5 9. Nxe4 Be6 10. Neg5 0-0-0 11. Nxe6 fxe6 12. Bf4 Bb4 13. Re4 Qf5 14. Qd3 Rhf8 15. a3 Be7 16. Rae1 Bd6 17. Bxd6 Rxd6 18. Rxe6 Qxd3 19. cxd3 Rxe6 20. Rxe6 b6 21. Rxc6 Rf5 22. Nxd4 Rd5 23. Nf3 Rxd3 24. Kf1 Rb3 25. Rc2 h5 26. Ke2 h4 27. Nd4 h3 28. Nxb3 hxg2 29. Rc1 Kd7 30. Rg1 Ke7 31. Rxg2 Kf7 32. Kd3 Kf6 33. Nd4 g5 34. Ke4 Kg6 35. Ne6 Kf6 36. Nxg5 Ke7 37. h4 Kf6 38. Nf3 Ke7 39. h5 Kd6 40. h6 b5 41. h7 Kc5 42. h8Q a5 43. Qe5+ Kc6 44. Rg6+ Kb7 45. Qxb5+ Kc8 46. Rg7 a4 47. Qc6 Kd8 48. Qd7# 1-0

[Event "Doeberl Cup U1200 48th"]
[Site "Canberra"]
[Date "2010.04.02"]
[Round "3"]
[White "Gardiner Garden, Aelfric"]
[Black "Mason, Joanne"]
[Result "0-1"]
[WhiteElo "576"]
[BlackElo "1027"]
[PlyCount "82"]
[EventDate "2010.04.02"]
[EventType "swiss"]
[EventRounds "6"]
[EventCountry "AUS"]
[SourceTitle "EXT 2012"]
[Source "ChessBase"]
[SourceDate "2011.11.24"]
[SourceVersion "1"]
[SourceVersionDate "2011.11.24"]
[SourceQuality "1"]

1. b4 e5 2. Bb2 f6 3. b5 d5 4. e3 Bd7 5. c4 Be6 6. cxd5 Bxd5 7. Nc3 Be6 8. Nf3 Bd6 9. d4 Nd7 10. Ne4 Bb4+ 11. Bc3 Bxc3+ 12. Nxc3 exd4 13. Nxd4 Bf7 14. Be2 Ne7 15. 0-0 0-0 16. f4 Nb6 17. e4 Nc4 18. Rf3 c6 19. a4 c5 20. Nb3 Qxd1+ 21. Rxd1 b6 22. Bxc4 Bxc4 23. Nd5 Nxd5 24. exd5 Be2 25. Rd2 Bxf3 26. gxf3 Rad8 27. Kf2 Rf7 28. Re2 Kf8 29. Kg3 Rxd5 30. Kg4 Re7 31. Rb2 Kf7 32. h4 g6 33. Kg3 c4 34. Nc1 c3 35. Ra2 Rd2 36. Ra3 Rc7 37. f5 c2 38. fxg6+ hxg6 39. Kf4 Rd1 40. Ra1 Rc4+ 41. Ke3 Rb4 0-1

[Event "Doeberl Cup U1200 48th"]
[Site "Canberra"]
[Date "2010.04.02"]
[Round "1"]
[White "Willathgamuwa, Rowan"]
[Black "Mason, Joanne"]
[Result "1-0"]
[WhiteElo "424"]
[BlackElo "1027"]
[PlyCount "89"]
[EventDate "2010.04.02"]
[EventType "swiss"]
[EventRounds "6"]
[EventCountry "AUS"]
[SourceTitle "EXT 2012"]
[Source "ChessBase"]
[SourceDate "2011.11.24"]
[SourceVersion "1"]
[SourceVersionDate "2011.11.24"]
[SourceQuality "1"]

1. e4 d5 2. exd5 Qxd5 3. Nc3 Qa5 4. Nf3 Nf6 5. Bc4 Bg4 6. d3 c6 7. h3 Bh5 8. a3 Nbd7 9. Bd2 Qc7 10. g4 Bg6 11. g5 Nh5 12. Nd4 Qe5+ 13. Nde2 0-0-0 14. f4 Qc7 15. Rf1 Bf5 16. Nd4 Bg6 17. Qf3 e6 18. 0-0-0 Nb6 19. Be3 Nxc4 20. dxc4 Bd6 21. Nde2 f6 22. h4 Rhf8 23. c5 Be7 24. Qg4 f5 25. Qf3 Qa5 26. Qf2 Qc7 27. Nd4 Bf7 28. Nf3 Nxf4 29. Bd4 Nd5 30. Bxg7 Rg8 31. Bd4 Qf4+ 32. Kb1 Nxc3+ 33. Bxc3 Rxd1+ 34. Rxd1 Qc4 35. Bb4 a5 36. b3 Qb5 37. Nd4 Qa6 38. Bc3 Bxc5 39. Qf4 Bxd4 40. Rxd4 Qe2 41. Qd6 Bg6 42. Bxa5 Qf1+ 43. Rd1 Qxd1+ 44. Qxd1 Rg7 45. Qd8# 1-0

[Event "AUS-ch U18 Girls"]
[Site "Sandy Bay"]
[Date "2010.01.20"]
[Round "5"]
[White "Kanagarajah, Abbie"]
[Black "Mason, Joanne"]
[Result "1-0"]
[WhiteElo "1221"]
[BlackElo "964"]
[PlyCount "103"]
[EventDate "2010.01.14"]
[EventType "swiss"]
[EventRounds "9"]
[EventCountry "AUS"]
[SourceTitle "EXT 2011"]
[Source "ChessBase"]
[SourceDate "2010.11.26"]
[SourceVersion "1"]
[SourceVersionDate "2010.11.26"]
[SourceQuality "1"]

1. e4 e5 2. Nf3 Nc6 3. Bb5 Bc5 4. 0-0 Nge7 5. Nxe5 Nxe5 6. d4 Bd6 7. dxe5 Bxe5 8. Nd2 0-0 9. Re1 c6 10. Bc4 b5 11. Bb3 Bb7 12. Nf3 Bc7 13. Be3 Ng6 14. Ng5 a6 15. Qh5 Re8 16. Bxf7+ Kf8 17. Bxg6 h6 18. Bxe8 Qxe8 19. Qxe8+ Rxe8 20. Nf3 Kf7 21. Rad1 d6 22. Bf4 Re6 23. Nd4 Rf6 24. Bg3 c5 25. Nf5 Bxe4 26. Rxe4 Rxf5 27. Rf4 Rxf4 28. Bxf4 Ke7 29. Kf1 g5 30. Bg3 h5 31. h3 Kd7 32. h4 g4 33. Rd5 Ke6 34. Rxh5 Kf7 35. Rh7+ Kg6 36. Rxc7 Kh5 37. Rc6 a5 38. Rxd6 c4 39. Rd5+ Kg6 40. Rxb5 a4 41. Rb4 Kh5 42. Rxc4 a3 43. bxa3 Kh6 44. a4 Kh5 45. a5 Kh6 46. a6 Kh5 47. a7 Kh6 48. a8R Kh5 49. Rc5+ Kh6 50. Ra6+ Kg7 51. Rc7+ Kf8 52. Ra8# 1-0

[Event "AUS-ch U18 Girls"]
[Site "Sandy Bay"]
[Date "2010.01.18"]
[Round "3"]
[White "Mason, Joanne"]
[Black "Narenthran, Janaki"]
[Result "1-0"]
[WhiteElo "964"]
[BlackElo "422"]
[PlyCount "95"]
[EventDate "2010.01.14"]
[EventType "swiss"]
[EventRounds "9"]
[EventCountry "AUS"]
[SourceTitle "EXT 2011"]
[Source "ChessBase"]
[SourceDate "2010.11.26"]
[SourceVersion "1"]
[SourceVersionDate "2010.11.26"]
[SourceQuality "1"]

1. e4 e5 2. Nf3 Nc6 3. d4 exd4 4. Bc4 h6 5. Nxd4 Nxd4 6. Qxd4 d6 7. Nc3 Bd7 8. Be3 Qf6 9. 0-0-0 Qxd4 10. Bxd4 f5 11. exf5 Bxf5 12. Rhe1+ Ne7 13. Nd5 Kd7 14. Nxe7 Bxe7 15. Bxg7 Rhg8 16. Bxg8 Rxg8 17. Bxh6 Rxg2 18. Be3 Rxh2 19. Rh1 Rxh1 20. Rxh1 Bf6 21. Kd2 Bxb2 22. Rb1 Bf6 23. Rxb7 a6 24. Ra7 Kc6 25. Rxa6+ Kb7 26. Ra4 Bd7 27. Rb4+ Kc8 28. a4 c5 29. Rb6 Kc7 30. a5 Bc6 31. Kd3 Bd5 32. Bxc5 Be5 33. Bd4 Bf4 34. c4 Ba8 35. Be3 Be5 36. f4 Bf6 37. Bd4 Be7 38. f5 Bf8 39. a6 Bg7 40. Bxg7 Kxb6 41. f6 d5 42. f7 dxc4+ 43. Kxc4 Kxa6 44. f8Q Bb7 45. Qb4 Ka7 46. Be5 Ka8 47. Qa5+ Ba6+ 48. Qxa6# 1-0

[Event "Doeberl Cup U1200 47th"]
[Site "Canberra"]
[Date "2009.04.10"]
[Round "2"]
[White "Mason, Stuart"]
[Black "Mason, Joanne"]
[Result "1/2-1/2"]
[WhiteElo "1141"]
[BlackElo "782"]
[PlyCount "115"]
[EventDate "2009.04.10"]
[EventType "swiss"]
[EventRounds "6"]
[EventCountry "AUS"]
[SourceTitle "CBM 129 Extra"]
[Source "ChessBase"]
[SourceDate "2009.05.05"]
[SourceVersion "2"]
[SourceVersionDate "2009.05.20"]
[SourceQuality "1"]

1. e4 e5 2. Nf3 Nc6 3. d4 exd4 4. Bc4 Nf6 5. 0-0 Nxe4 6. Re1 d5 7. Bxd5 Qxd5 8. Nc3 Qh5 9. Nxe4 Be7 10. Bg5 0-0 11. Bxe7 Nxe7 12. Nxd4 Qxd1 13. Raxd1 Ng6 14. c3 Re8 15. Ng3 Rxe1+ 16. Rxe1 Bd7 17. Ngf5 c5 18. Ne7+ Nxe7 19. Rxe7 cxd4 20. Rxd7 dxc3 21. bxc3 b6 22. Kf1 Kf8 23. Ke2 Re8+ 24. Kd2 Re7 25. Rd8+ Re8 26. Rxe8+ Kxe8 27. Kd3 Kd7 28. a4 a6 29. f4 h6 30. g4 g6 31. Ke4 Kd6 32. f5 g5 33. Kd4 f6 34. h3 b5 35. a5 Kc6 36. Ke4 Kc5 37. Kd3 Kd5 38. Ke3 Kc4 39. Kd2 b4 40. cxb4 Kxb4 41. Kd3 Kxa5 42. Kc4 Kb6 43. Kb4 Kc6 44. Ka5 Kd5 45. Kxa6 Ke4 46. Kb6 Kf3 47. Kc6 Kg3 48. Kd6 Kxh3 49. Ke6 Kxg4 50. Kxf6 Kh4 51. Kg6 g4 52. f6 g3 53. f7 g2 54. f8Q g1Q+ 55. Kxh6 Qg5+ 56. Kh7 Qh5+ 57. Qh6 Qxh6+ 58. Kxh6 1/2-1/2

[Event "AUS-ch U12 Girls"]
[Site "Adelaide"]
[Date "2009.01.06"]
[Round "5"]
[White "Mason, Joanne"]
[Black "Pretorius, Jana"]
[Result "0-1"]
[WhiteElo "690"]
[BlackElo "544"]
[PlyCount "46"]
[EventDate "2009.01.02"]
[EventType "tourn"]
[EventRounds "9"]
[EventCountry "AUS"]
[SourceTitle "CBM 128 Extra"]
[Source "ChessBase"]
[SourceDate "2009.03.05"]
[SourceVersion "2"]
[SourceVersionDate "2009.03.25"]
[SourceQuality "1"]

1. e4 c5 2. Nf3 Nc6 3. d4 cxd4 4. Nxd4 e5 5. Nb5 d6 6. N1c3 a6 7. Na3 Nf6 8. Nc4 Be7 9. f3 b5 10. Ne3 0-0 11. Bd3 Be6 12. Ncd5 Rc8 13. Nf5 Nxd5 14. exd5 Bxd5 15. a3 Be6 16. g4 Bxf5 17. gxf5 Bh4+ 18. Kf1 Qf6 19. Rg1 Nd4 20. c3 Nxf5 21. Bxf5 Qxf5 22. Bh6 Bf6 23. Qe2 Qh3+ 0-1

[Event "AUS-ch U12 Girls"]
[Site "Canberra"]
[Date "2007.01.18"]
[Round "4"]
[White "Kanagarajah, Abbie"]
[Black "Mason, Joanne"]
[Result "1-0"]
[WhiteElo "786"]
[BlackElo "313"]
[PlyCount "51"]
[EventDate "2007.01.14"]
[EventType "swiss"]
[EventRounds "11"]
[EventCountry "AUS"]
[SourceTitle "EXT 2008"]
[Source "ChessBase"]
[SourceDate "2007.11.25"]
[SourceVersion "1"]
[SourceVersionDate "2007.11.25"]
[SourceQuality "1"]

1. e4 e5 2. Nf3 Nc6 3. Bc4 Bc5 4. c3 Nf6 5. d4 exd4 6. cxd4 Bb4+ 7. Bd2 Bxd2+ 8. Nbxd2 d5 9. exd5 Nxd5 10. 0-0 0-0 11. Nb3 Qd6 12. Ne5 Be6 13. Re1 Nf4 14. Nxc6 Qxc6 15. d5 Qxc4 16. dxe6 fxe6 17. Rc1 Qa6 18. Nc5 Qc6 19. Ne4 Qb6 20. Qc2 Nh3+ 21. gxh3 Rac8 22. Ng5 g6 23. Rxe6 Qa5 24. Rxg6+ hxg6 25. Qxg6+ Kh8 26. Qh7# 1-0